Kritika súčasných buržoáznych a revizionistických koncepcií problémov výstavby socializmu a komunizmu

Bibliographic Details
Main Author: Laiferová, Eva, 1952- (Author)
Format: Article
Language:Slovak
Subjects:

MARC

LEADER 00000nab a2200000 a 4500
001 vtls000143550
003 SK-MaSNL
005 20260304072248.0
008 250423c1982 xo 0 slo
015 |a SNBRB19rr/mm-uuuuu 
035 |a CL0153657 
035 |a urn:nbn:sk:snk-ab282g 
035 |a (urnnbn)urn:nbn:sk:snk:ar-a01x05 
035 |a (uuid)4ff67ffa-8025-49e6-b93d-9f007955861d 
040 |a SNKBUCL  |b slo  |c SNKBUCL  |e AACR2 
041 0 |a slo 
044 |a xo  |c SK 
080 |a 1 100.2.013  |2 1981 
100 1 |a Laiferová, Eva,  |d 1952-  |4 aut  |9 250751 
245 1 0 |a Kritika súčasných buržoáznych a revizionistických koncepcií problémov výstavby socializmu a komunizmu  |c Eva Laiferová 
650 0 7 |a socialistické a komunistické spoločnosti  |2 snkbucl  |9 162519 
650 0 7 |a ideológia buržoázna  |2 snkbucl  |9 921867 
650 0 7 |a ideológia revizionistická  |2 snkbucl  |9 1359806 
655 7 |a články z novín a časopisov  |2 snkbucl  |9 267496 
773 0 |t Sociológia  |g Roč. 14, č. 4 (1982), s. 464-468 
787 0 8 |i Rec.:  |t Kritika sovremennych buržoaznych i revizionistickich koncepcij po problemem staviteľstva socializma i komunizma  |d Moskva, 1980 
850 |a Slovenská národná knižnica 
852 |a Slovenská národná knižnica 
954 |a odborná, vedecká literatúra pôvodná (slovenská)  |2 lita 
958 |a article27 
958 |a RK 
958 |a SU 
958 |a OND 
958 |a EUIPO 
992 |a RBX 
999 |c 2765559  |d 2767489